Score 0/21 Timer 05:00
4 Plays Today
% Correct
Austin
86.9%
Albany
86.4%
Denver
86.3%
Dover
84.9%
Columbus
84.4%
Boston
83.7%
Atlanta
83%
Raleigh
82.9%
Carson City
80.4%
Boise
80%
Baton Rouge
79.3%
% Correct
Columbia
78.8%
Annapolis
78.8%
Augusta
78.7%
Charleston
75.2%
Richmond
73.8%
Bismarck
73.7%
Cheyenne
71.9%
Des Moines
71.5%
Nashville
71.4%
Concord
69.4%

You're not logged in!

Compare scores with friends on all Sporcle quizzes.
OR
Log In

Sporcle TV

Today on Sporcle TV


Watch our educational content, quiz creation guides, and fun videos on Sporcle TV.

Show Comments

Extras

Top Quizzes Today


Score Distribution

Paid Content

Your Account Isn't Verified!

In order to create a playlist on Sporcle, you need to verify the email address you used during registration. Go to your Sporcle Settings to finish the process.

Report this User

Report this user for behavior that violates our Community Guidelines.

Details: